Which Type Is This Pokémon Moves? #2 - Statistics

General Stats
  • This quiz has been taken 4 times
  • The average score is 32 of 40
Answer Stats
Move Type % Correct
Sparkly Swirl Fairy
100%
Nature's Madness Fairy
100%
Sizzly Slide Fire
100%
Sinister Arrow Raid Ghost
100%
Spectral Thief Ghost
100%
Chloroblast Grass
100%
Rototiller Ground
100%
Thousand Arrows Ground
100%
Chilly Reception Ice
100%
Stuff Cheeks Normal
100%
Whirlwind Normal
100%
Noble Roar Normal
100%
Covet Normal
100%
Shell Side Arm Poison
100%
Dire Claw Poison
100%
Photon Geyser Psychic
100%
Wonder Room Psychic
100%
Splintered Stormshards Rock
100%
Continental Crush Rock
100%
Searing Sunraze Smash Steel
100%
Smart Strike Steel
100%
Sparkling Aria Water
100%
Withdraw Water
100%
Octazooka Water
100%
Power Trip Dark
67%
Topsy-Turvy Dark
67%
Chatter Flying
67%
Snap Trap Grass
67%
Tectonic Rage Ground
67%
Pulverizing Pancake Normal
67%
Sharpen Normal
67%
Spotlight Normal
67%
Veevee Volley Normal
67%
Eerie Spell Psychic
67%
Savage Spin-Out Bug
33%
Victory Dance Fighting
33%
Smelling Salts Normal
33%
Teatime Normal
33%
Steamroller Bug
0%
Springtide Storm Fairy
0%
No matching quizzes found
Score Distribution
Percent of People with Each Score
Percentile by Number Answered
Your Score History
You have not taken this quiz